000 00274nam a22001217a 4500
008 210224b ||||| |||| 00| 0 eng d
041 _aeng
080 _25th
_a159.9
100 _a49
101 _aPSI
245 _aExploring Social Psychology
_cMyers, G.D
942 _2udc
_cBK
999 _c55171
_d55171